01421cam a2200301 a 4500001001000000003000400010005001700014008004100031040002500072082001900097100004200116245016800158260012900326300002100455490002600476500009600502500005300598590002700651650004700678650003900725700004500764830003300809910001500842942001300857952011800870952011400988999001701102000013061OSt20200929163129.0940223s1954 uy r 000 0 spa  aDO-SdBNPbspacBNPHU a352.895bH174a1 aHall, John Oliver,d1914-1998.93018913aLa administración pública en el Uruguay :bsugerencias para una reforma de la organización administrativa /cJohn O. Hall ; prólogo Rubén Correa Freitas. aMontevideo, Uruguay :bInstituto Nacional del Libro ;bOficina Nacional del Servicio Civil ;bFundacion Hanns Seidel,c1954. a109 p. ;c19 cm.1 aReforma del Estadov1 a"Administracion publica en Uruguay: sugerencias para una reforma: mision Hall 1954"--Cover. aEste documento se terminó de imprimir en 1989. aInventariado, 2020/ YL 4aUruguayxAdministración pública930190 4aReforma del estadozUruguay9301911 aCorrea Freitas, Rubén,epról.930192 0aReforma del Estadon1930193 aEn proceso 2ddccLF1 00102ddc52708MOaGRbGRcCTd2009-11-19eObsequioiLF1l0o352.895 H174ap13061-10r2020-06-25w2020-06-25y2 00112ddc50718MOaGRbGRcMId2017-04-11iLF1l0o352.895 H174ap13061-20r2020-06-25te. 2w2020-06-25y1 c12703d12703